Globlization of Indian Food/ (Record no. 173428)

MARC details
000 -LEADER
fixed length control field 00628nam a22001937a 4500
005 - DATE AND TIME OF LATEST TRANSACTION
control field 20200224171437.0
010 ## - LCCN (DPL NO)
LC control number ENG-127943
020 ## - INTERNATIONAL STANDARD BOOK NUMBER
International Standard Book Number 9789386806215
Terms of availability 1495.00
035 ## - SYSTEM CONTROL NUMBER
System control number EN-111475
037 ## - SOURCE OF ACQUISITION
Source of stock number/acquisition DBAD/PUB
082 ## - DEWEY DECIMAL CLASSIFICATION NUMBER
Classification number 641.5
100 ## - MAIN ENTRY--PERSONAL NAME
Personal name Shobha Kumari
245 ## - TITLE STATEMENT
Title Globlization of Indian Food/
Statement of responsibility, etc by Shobha Kumari
260 ## - PUBLICATION, DISTRIBUTION, ETC. (IMPRINT)
Place of publication, distribution, etc New Delhi
Name of publisher, distributor, etc Ishwar Books
Date of publication, distribution, etc 2019
270 ## - ADDRESS
Address B-29,Arya Nagar CGHS Ltd, Plot.No. 91, I.P Extension, Patparganj
City New Delhi
Postal code 110092
Electronic mail address ishwarbooks@gmail.com
300 ## - PHYSICAL DESCRIPTION
Extent vi;264p.
Dimensions 24cm(hb)
500 ## - GENERAL NOTE
General note Includes Bibliography and Index
942 ## - ADDED ENTRY ELEMENTS (KOHA)
Source of classification or shelving scheme Dewey Decimal Classification
Item type English Books
Classification part 641.5
Call number suffix SHO
Holdings
Withdrawn status Lost status Not for loan Collection code Home library Current library Date acquired Source of acquisition Cost, normal purchase price Full call number Barcode Copy number Cost, replacement price Koha item type
      Non-fiction Central Library Central Library 24/02/2020 DBAD/PUB 1495.00 641.5 SHO EN-111475 1 1495.00 English Books

© Delhi Public Library
Hit Counter
free hit counter